Las cariátides y otros cuentos góticos / (Record no. 56642)

MARC details
000 -LEADER
campo de control de longitud fija 00591nam a2200193 i 4500
001 - NÚMERO DE CONTROL
campo de control 56642
003 - IDENTIFICADOR DE NÚMERO DE CONTROL
campo de control ES-MaACL
005 - FECHA Y HORA DE LA ÚLTIMA TRANSACCIÓN
campo de control 20260518181500.0
007 - CAMPO FIJO DE DESCRIPCIÓN FÍSICA--INFORMACIÓN GENERAL
campo de control de longitud fija t|
008 - DATOS DE LONGITUD FIJA--INFORMACIÓN GENERAL
campo de control de longitud fija 031010s1972 sp ||||1| spa d
100 1# - ENTRADA PRINCIPAL--NOMBRE DE PERSONA
Nombre de persona Blixen, Karen,
Fechas asociadas al nombre 1885-1962
9 (RLIN) 44835
245 14 - MENCIÓN DEL TÍTULO
Título Las cariátides y otros cuentos góticos /
Mención de responsabilidad, etc. Isak Dinesen (seud.) ; [traducción de Andrés Ruiz Tarazona].
250 ## - MENCION DE EDICION
Mención de edición [1ª ed.].
260 ## - PUBLICACIÓN, DISTRIBUCIÓN, ETC.
Lugar de publicación, distribución, etc. [Barcelona] :
Nombre del editor, distribuidor, etc. Barral,
Fecha de publicación, distribución, etc. 1972.
300 ## - DESCRIPCIÓN FÍSICA
Extensión 254 p. ;
Dimensiones 20 cm.
700 1# - ENTRADA AGREGADA--NOMBRE PERSONAL
Nombre de persona Ruiz Tarazona, Andrés.
9 (RLIN) 100932
852 ## - LOCALIZACIÓN
Ubicación ES-MaACL
Número de control de estantería C-43557
Sublocalización o colección R.82429
Holdings
Estatus retirado Estado de pérdida Estado de daño No para préstamo Biblioteca de origen Biblioteca actual Ubicación en estantería Fecha de adquisición Fuente de adquisición Total de préstamos Signatura topográfica completa Código de barras Visto por última vez Precio de reemplazo Tipo de ítem Koha
        Biblioteca del Ateneo de Madrid Biblioteca del Ateneo de Madrid Depósito 2 17/01/2008     C-43557 1059483 23/02/2023 23/02/2023 Libro impreso